000 00897nam a2200265 i 4500
003 DO-SdBNP
005 20240618085612.0
007 ta
008 240618s2023 dr c 000 j spa d
020 _a9789945914290
040 _aDO-SdBNP
_bspa
_cBNPHU
_erda
082 _bP438
_222
100 _aPérez, Ellis
_973326
_d1936-
_eautor
245 1 0 _aEllis Pérez :
_bmi vida, mi legado /
_cEllis Pérez ; presentación Rafael L. Solano ; corrección Félix Fernández
264 1 _aSanto Domingo :
_bAmigo del Hogar,
_c2023.
300 _a422 páginas,
_bretratos
_c24 cm.
336 _2rdacontent
_atexto
_btxt
337 _2rdamedia
_asin mediación
_bn
338 _2rdacarrier
_avolumen
_bnc
590 _aInventariado, 2024/ YL
700 1 _aSolano, Rafael L.
_epresentación
_985685
700 1 _aFernández, Félix
_ecorrección de textos
_911384
910 _aYLockward
942 _2ddc
_cLBS1
999 _c56868
_d56868